[Event "ChessOrg Schachfestival  2015"]
[Site "Bad Wörishofen"]
[Date "2015.03.05"]
[Round "8.66"]
[White "Koehl, Franz-Xaver"]
[Black "Eschle, Hubert"]
[Result "1-0"]
[WhiteElo "1957"]
[BlackElo "1834"]
[Annotator "chessorg"]
[PlyCount "45"]
[EventDate "2015.??.??"]
[WhiteTeam "Schachklub Germering e. V."]
[BlackTeam "SR Spaichingen"]

1. e4 c5 2. Nf3 a6 3. d4 cxd4 4. Nxd4 e5 5. Nb3 Nc6 6. Be3 Nf6 7. f3 d6 8. c4
Be6 9. Nc3 Rc8 10. Nd5 Bxd5 11. cxd5 Ne7 12. Bd3 Ng6 13. Qd2 Be7 14. O-O O-O
15. Na5 Qd7 16. Rfc1 Bd8 17. Rxc8 Qxc8 18. Rc1 Bxa5 19. Qxa5 Qb8 20. Qc7 Rd8
21. Bb6 Qxc7 22. Rxc7 Rb8 23. Ba7 1-0

[Event "ChessOrg Schachfestival  2015"]
[Site "Bad Wörishofen"]
[Date "2015.03.05"]
[Round "8.72"]
[White "Cherednichenko, Elena"]
[Black "Riegler, Dieter"]
[Result "1/2-1/2"]
[WhiteElo "2195"]
[BlackElo "2083"]
[Annotator "chessorg"]
[PlyCount "59"]
[EventDate "2015.??.??"]
[WhiteTeam "Sport Klub ISD Donetsk"]
[BlackTeam "SF Heidelberg"]

1. d4 Nf6 2. Nf3 g6 3. Nc3 d5 4. Bf4 Bg7 5. e3 O-O 6. Be2 c5 7. Ne5 cxd4 8.
exd4 Nfd7 9. Nf3 Nf6 10. Ne5 Nfd7 11. Nf3 Nf6 12. h3 Nc6 13. Ne5 Bf5 14. g4 Be6
15. Nxc6 bxc6 16. Na4 Bc8 17. Be5 Nd7 18. Bxg7 Kxg7 19. Qd2 a5 20. h4 h6 21. h5
g5 22. f4 e6 23. O-O-O Ba6 24. Bxa6 Rxa6 25. Qd3 Ra7 26. Rdf1 Qe7 27. Qe3 gxf4
28. Rxf4 Rb7 29. Rff1 Qb4 30. b3 1/2-1/2

[Event "ChessOrg Schachfestival  2015"]
[Site "Bad Wörishofen"]
[Date "2015.03.05"]
[Round "8.85"]
[White "Koch, Till"]
[Black "Natterer, Winfried"]
[Result "1-0"]
[WhiteElo "1889"]
[BlackElo "1811"]
[Annotator "chessorg"]
[PlyCount "33"]
[EventDate "2015.??.??"]
[WhiteTeam "Schachverein Unser Fritz Wanne-Eickel 1955 e."]
[BlackTeam "Schachclub Dietmannsried"]

1. e4 e6 2. d4 d5 3. Nc3 Bb4 4. e5 c5 5. Bd2 Ne7 6. a3 Ba5 7. dxc5 Bxc3 8. Bxc3
Nbc6 9. f4 O-O 10. Nf3 Qc7 11. Bd3 Bd7 12. Bxh7+ Kxh7 13. Ng5+ Kg8 14. Qh5 Rfc8
15. Qxf7+ Kh8 16. O-O Ng8 17. Qg6 1-0

[Event "ChessOrg Schachfestival  2015"]
[Site "Bad Wörishofen"]
[Date "2015.03.05"]
[Round "8.2"]
[White "Khenkin, Igor"]
[Black "Gutman, Lev"]
[Result "1-0"]
[WhiteElo "2590"]
[BlackElo "2426"]
[Annotator "chessorg"]
[PlyCount "41"]
[EventDate "2015.??.??"]
[WhiteTeam "Schachgemeinschaft Porz e.V."]
[BlackTeam "SV Lingen"]

1. c4 Nf6 2. Nc3 g6 3. e4 Bg7 4. d4 d6 5. h3 O-O 6. Nf3 c6 7. Bd3 e5 8. d5 Nh5
9. Bg5 Qb6 10. Qd2 Na6 11. O-O Bd7 12. Rab1 Nc5 13. Bc2 a5 14. Be7 Rfe8 15.
Bxd6 cxd5 16. Qxd5 Na6 17. c5 Qa7 18. Ng5 Nf6 19. Qxf7+ Kh8 20. Bb3 h6 21. Nd5
1-0

[Event "ChessOrg Schachfestival  2015"]
[Site "Bad Wörishofen"]
[Date "2015.03.05"]
[Round "8.3"]
[White "Pezerovic, Edin"]
[Black "Halkias, Stelios"]
[Result "0-1"]
[WhiteElo "2413"]
[BlackElo "2527"]
[Annotator "chessorg"]
[PlyCount "62"]
[EventDate "2015.??.??"]
[WhiteTeam "Muenchener SC 1836 e.V."]

1. d4 Nf6 2. Nf3 c5 3. c3 d5 4. Bf4 Nc6 5. e3 Qb6 6. Qc1 Nh5 7. Bg5 h6 8. Bh4
g5 9. Bg3 Bf5 10. Nbd2 cxd4 11. Nxd4 Bg6 12. Be2 Nxg3 13. hxg3 e5 14. N4f3 Bg7
15. O-O Rc8 16. Rd1 O-O 17. Nb3 Rfd8 18. Ne1 a5 19. Bg4 Rc7 20. Qd2 a4 21. Nc1
d4 22. cxd4 exd4 23. Ncd3 dxe3 24. Qxe3 Qxe3 25. fxe3 a3 26. Rab1 axb2 27. Bf3
g4 28. Bxg4 Ne5 29. Be2 Nxd3 30. Nxd3 Rcd7 31. Rxb2 Bxd3 0-1

[Event "ChessOrg Schachfestival  2015"]
[Site "Bad Wörishofen"]
[Date "2015.03.05"]
[Round "8.8"]
[White "Boehmer, Christian"]
[Black "Grimberg, Boris"]
[Result "1-0"]
[WhiteElo "2204"]
[BlackElo "2373"]
[Annotator "chessorg"]
[PlyCount "107"]
[EventDate "2015.??.??"]
[WhiteTeam "Freibauer Moerlenbach-Birkenau"]
[BlackTeam "TSV Haunstetten"]

1. d4 Nf6 2. c4 c6 3. Nf3 d5 4. Nc3 a6 5. e3 g6 6. b3 Bg7 7. Bd3 O-O 8. O-O Bg4
9. h3 Bxf3 10. Qxf3 e6 11. cxd5 cxd5 12. Qe2 Nc6 13. Bb2 b5 14. Rac1 Qd6 15.
Rfd1 Nh5 16. a4 b4 17. Nb1 Ne7 18. Nd2 f5 19. f4 Nf6 20. Nf3 Ne4 21. Ne5 g5 22.
Bxe4 fxe4 23. fxg5 Bxe5 24. dxe5 Qd8 25. Qg4 Nf5 26. Bd4 Kh8 27. Rc6 Qe8 28.
Rdc1 Qg6 29. h4 Rg8 30. Qh3 Rgf8 31. Bc5 Rf7 32. Kh2 a5 33. Rd1 Rd8 34. Bb6
Rdd7 35. Rc8+ Kg7 36. Bd8 Ne7 37. Ra8 Rf8 38. Bxe7 Rxa8 39. Bf6+ Kg8 40. Qxe6+
Qf7 41. Qc6 Re8 42. g4 Rc7 43. Qxd5 Rc3 44. Qxf7+ Kxf7 45. Rd7+ Ke6 46. Rd6+
Kf7 47. e6+ Rxe6 48. Rd7+ Kf8 49. Bxc3 bxc3 50. Rc7 Rd6 51. Kg3 Rd3 52. Kf4 c2
53. Rxc2 Rxb3 54. Rc5 1-0

[Event "ChessOrg Schachfestival  2015"]
[Site "Bad Wörishofen"]
[Date "2015.03.05"]
[Round "8.9"]
[White "Wichmann, Cliff"]
[Black "Haasler, Andreas"]
[Result "1/2-1/2"]
[WhiteElo "2363"]
[BlackElo "2252"]
[Annotator "chessorg"]
[PlyCount "76"]
[EventDate "2015.??.??"]
[WhiteTeam "ESV Nickelhuette Aue"]
[BlackTeam "Sfr.Heidesheim"]

1. d4 d5 2. Nf3 Nf6 3. c4 e6 4. e3 Nbd7 5. Nbd2 c5 6. cxd5 exd5 7. b3 b6 8. Bb2
Bd6 9. Be2 O-O 10. O-O Re8 11. Bb5 Qc7 12. dxc5 bxc5 13. Bxf6 gxf6 14. Qc2 Rb8
15. Bd3 Nf8 16. Rfd1 Bg4 17. h3 Bh5 18. Rac1 Rb4 19. Re1 Bg6 20. e4 d4 21. a3
Rb7 22. b4 cxb4 23. Qxc7 Rxc7 24. Rxc7 Bxc7 25. axb4 Ne6 26. Bc4 Bb6 27. Nb3
Nf4 28. Nfxd4 Rxe4 29. Rd1 Ne6 30. Bxe6 fxe6 31. Nc5 Bxc5 32. bxc5 e5 33. Nb3
Rb4 34. Rd8+ Kf7 35. Na5 Rb5 36. Rd7+ Ke8 37. Rxa7 Rxc5 38. Nb7 Rd5 1/2-1/2

[Event "ChessOrg Schachfestival  2015"]
[Site "Bad Wörishofen"]
[Date "2015.03.05"]
[Round "8.13"]
[White "Mainka, Romuald"]
[Black "Chkhaidze, Nikoloz"]
[Result "1-0"]
[WhiteElo "2423"]
[BlackElo "2212"]
[Annotator "chessorg"]
[PlyCount "93"]
[EventDate "2015.??.??"]
[WhiteTeam "Schachclub Hansa Dortmund e.V."]

1. e4 e5 2. Bc4 Nc6 3. Nf3 Bc5 4. d3 Nf6 5. O-O d6 6. c3 a6 7. Bb3 Ba7 8. Nbd2
O-O 9. h3 h6 10. Re1 Re8 11. Nf1 Be6 12. Ng3 d5 13. exd5 Bxd5 14. Bc2 b5 15.
Be3 Qb8 16. Nh4 Be6 17. Qf3 Bd5 18. Ne4 Bxe4 19. dxe4 Bxe3 20. Rxe3 Qb6 21. Qg3
Ne7 22. Rd1 c5 23. Rf3 Qe6 24. Rfd3 Qxa2 25. Rd6 Kh7 26. Qxe5 Ng6 27. Qxc5 Qxb2
28. R6d2 Rac8 29. Qa7 Re7 30. Qxa6 Qxc3 31. Nxg6 fxg6 32. Bb1 Rc5 33. Rd3 Qe5
34. Re3 b4 35. g3 Rc3 36. Qe2 b3 37. Rxc3 Qxc3 38. Kg2 Qc6 39. Qf3 Nxe4 40. Re1
b2 41. Rxe4 Rxe4 42. Qxe4 Qf6 43. h4 h5 44. Qd5 Kh8 45. Qg5 Qc6+ 46. Kh2 Qb6
47. Kg1 1-0

[Event "ChessOrg Schachfestival  2015"]
[Site "Bad Wörishofen"]
[Date "2015.03.05"]
[Round "8.14"]
[White "Pirrot, Dieter"]
[Black "Wittfoth, Kai-Uve"]
[Result "1-0"]
[WhiteElo "2376"]
[BlackElo "2139"]
[Annotator "chessorg"]
[PlyCount "59"]
[EventDate "2015.??.??"]
[WhiteTeam "SV 1920 Hofheim"]
[BlackTeam "SF Bremer Osten"]

1. e4 d5 2. exd5 Qxd5 3. Nf3 Nf6 4. d4 c6 5. Be2 Bf5 6. c4 Qa5+ 7. Nc3 e6 8.
O-O Be7 9. Re1 O-O 10. Bd2 Qc7 11. Rc1 a6 12. Nh4 Bg6 13. Nxg6 hxg6 14. Bf3 Bd6
15. g3 Nbd7 16. c5 Be7 17. Bf4 Qc8 18. g4 Re8 19. g5 Nd5 20. Nxd5 exd5 21. Bg4
Qd8 22. Qb3 Ra7 23. Qh3 Nf8 24. Re3 f5 25. gxf6 Bxf6 26. Rce1 Rxe3 27. Rxe3 Bg5
28. Be6+ Nxe6 29. Qxe6+ Kh7 30. Rh3+ 1-0

[Event "ChessOrg Schachfestival  2015"]
[Site "Bad Wörishofen"]
[Date "2015.03.05"]
[Round "8.15"]
[White "Lupor, Andre"]
[Black "Baeuml, Ulrich"]
[Result "1/2-1/2"]
[WhiteElo "2283"]
[BlackElo "2120"]
[Annotator "chessorg"]
[PlyCount "44"]
[EventDate "2015.??.??"]
[WhiteTeam "Schachgemeinschaft Ennepe-Ruhr-Sued"]
[BlackTeam "SC Dillingen"]

1. d4 e6 2. c4 d5 3. Nc3 c5 4. cxd5 exd5 5. Nf3 Nc6 6. g3 Nf6 7. Bg2 Be7 8. O-O
O-O 9. Bg5 c4 10. Ne5 Be6 11. b3 Qa5 12. Qd2 Rfd8 13. Nxc6 bxc6 14. bxc4 dxc4
15. Bxc6 Rac8 16. Bg2 h6 17. Bxf6 Bxf6 18. e3 Bf5 19. Rfc1 Be7 20. e4 Bg6 21.
Rd1 Bb4 22. Rac1 f5 1/2-1/2

[Event "ChessOrg Schachfestival  2015"]
[Site "Bad Wörishofen"]
[Date "2015.03.05"]
[Round "8.22"]
[White "Schelle, Artur"]
[Black "Matzat, Andre"]
[Result "1-0"]
[WhiteElo "2175"]
[BlackElo "2077"]
[Annotator "chessorg"]
[PlyCount "53"]
[EventDate "2015.??.??"]
[WhiteTeam "SC Tarrasch 45 Muenchen"]
[BlackTeam "Schachclub Weiße Dame Borbeck 25 e.V."]

1. e4 c5 2. Nc3 Nc6 3. f4 e6 4. Nf3 d5 5. Bb5 Nge7 6. exd5 exd5 7. Qe2 f6 8. d4
Kf7 9. dxc5 a6 10. Bd3 Nf5 11. Bxf5 Bxf5 12. Be3 Bxc5 13. Bxc5 Re8 14. Be3 d4
15. O-O-O Rxe3 16. Qc4+ Be6 17. Qc5 Bg4 18. Nxd4 Bxd1 19. Nxc6 Qe8 20. Ne5+
Rxe5 21. fxe5 Bg4 22. exf6 gxf6 23. h3 Rc8 24. Qd5+ Be6 25. Qxb7+ Kg8 26. Re1
Rc6 27. Nd5 1-0

[Event "ChessOrg Schachfestival  2015"]
[Site "Bad Wörishofen"]
[Date "2015.03.05"]
[Round "8.24"]
[White "Logallo, Claudio"]
[Black "Kozlov, Alexander"]
[Result "1/2-1/2"]
[WhiteElo "2064"]
[BlackElo "2152"]
[Annotator "chessorg"]
[PlyCount "79"]
[EventDate "2015.??.??"]
[BlackTeam "Stuttgarter SF 1879"]

1. d4 d6 2. e4 Nf6 3. f3 g6 4. Be3 Bg7 5. Qd2 O-O 6. Nc3 Nbd7 7. Bh6 c6 8. h4
Qa5 9. h5 Nxh5 10. Bxg7 Kxg7 11. g4 Nhf6 12. Qh6+ Kg8 13. O-O-O Re8 14. Nge2
Nf8 15. Ng3 Kh8 16. Rd2 Ng8 17. Qe3 b5 18. Kb1 Bd7 19. Nce2 e5 20. Nc1 Qb6 21.
c3 a5 22. Rdh2 b4 23. Nge2 bxc3 24. Qxc3 Qb4 25. Qe3 Rab8 26. Nd3 Qb6 27. Qf2
Kg7 28. g5 Be6 29. dxe5 Bc4 30. Nec1 Qxf2 31. Rxf2 dxe5 32. Nc5 Bxf1 33. Rhxf1
Rb5 34. Rc2 Ne6 35. Nxe6+ Rxe6 36. Rd1 f6 37. Rd7+ Re7 38. gxf6+ Kxf6 39. Rd6+
Kf7 40. Rcd2 1/2-1/2

[Event "ChessOrg Schachfestival  2015"]
[Site "Bad Wörishofen"]
[Date "2015.03.05"]
[Round "8.26"]
[White "Tennstedt, Andreas"]
[Black "Bohnstorff, Michael"]
[Result "1/2-1/2"]
[WhiteElo "2142"]
[BlackElo "2044"]
[Annotator "chessorg"]
[PlyCount "54"]
[EventDate "2015.??.??"]
[WhiteTeam "SV Griesheim (DA)"]
[BlackTeam "Hamburg"]

1. d4 Nf6 2. c4 e6 3. Nc3 d5 4. Bg5 Be7 5. e3 O-O 6. cxd5 exd5 7. Bd3 c6 8. Qc2
h6 9. Bh4 a5 10. Nge2 Nbd7 11. O-O Nh5 12. Bxe7 Qxe7 13. Rae1 Nhf6 14. Ng3 Nb6
15. f3 c5 16. dxc5 Qxc5 17. Nb5 Qxc2 18. Bxc2 Bd7 19. Nd4 Nc4 20. b3 Ne5 21.
Ngf5 Rfe8 22. f4 Nc6 23. a3 Kf8 24. Nd6 Reb8 25. Bd3 Nxd4 26. exd4 Ne8 27. Nxe8
Rxe8 1/2-1/2

[Event "ChessOrg Schachfestival  2015"]
[Site "Bad Wörishofen"]
[Date "2015.03.05"]
[Round "8.32"]
[White "Dobboletta, Alex"]
[Black "Mittelbachert, Ulrich"]
[Result "1-0"]
[WhiteElo "2129"]
[BlackElo "1980"]
[Annotator "chessorg"]
[PlyCount "31"]
[EventDate "2015.??.??"]
[WhiteTeam "CSB Bologna"]
[BlackTeam "Schachverein Castrop-Rauxel 1923"]

1. Nf3 g6 2. e4 c6 3. d4 d5 4. Nc3 Bg4 5. Be2 dxe4 6. Nxe4 Bg7 7. Bc4 e6 8. Bf4
Bxf3 9. Qxf3 Nf6 10. Nd6+ Kf8 11. O-O Qe7 12. Nc8 Qd8 13. Qa3+ Ke8 14. Nd6+ Kf8
15. Nxb7+ Kg8 16. Nxd8 1-0

[Event "ChessOrg Schachfestival  2015"]
[Site "Bad Wörishofen"]
[Date "2015.03.05"]
[Round "8.46"]
[White "Fiedler, Wolfgang"]
[Black "Antoniacci, Riccardo"]
[Result "0-1"]
[WhiteElo "2015"]
[BlackElo "1825"]
[Annotator "chessorg"]
[PlyCount "80"]
[EventDate "2015.??.??"]
[WhiteTeam "SK Zirndorf e.V."]
[BlackTeam "DLF Rimini"]

1. f4 g6 2. Nf3 Bg7 3. d4 c5 4. e3 b6 5. c3 Nf6 6. Bc4 d5 7. Bb5+ Bd7 8. Bd3
Nc6 9. Ne5 h5 10. Nxd7 Qxd7 11. O-O c4 12. Bc2 b5 13. Nd2 Ng4 14. Nf3 f5 15. b3
O-O 16. bxc4 bxc4 17. Ba4 Qd6 18. h3 Nh6 19. Ne5 Nxe5 20. fxe5 Qc7 21. Ba3 Nf7
22. g4 fxg4 23. hxg4 Bh6 24. gxh5 Bxe3+ 25. Kg2 Nh6 26. hxg6 Rxf1 27. Qxf1 Rf8
28. Qh1 Rf2+ 29. Kg3 Nf5+ 30. Kg4 Rf4+ 31. Kh3 Rh4+ 32. Kg2 Rxh1 33. Rxh1 Kg7
34. Bc2 Kxg6 35. Kf3 Bg5 36. Rg1 Qa5 37. Bb4 Qxa2 38. Rg2 Qa1 39. Ke2 Qh1 40.
Kf2 e6 0-1

[Event "ChessOrg Schachfestival  2015"]
[Site "Bad Wörishofen"]
[Date "2015.03.05"]
[Round "8.51"]
[White "Kleinhenz, Hans-Georg"]
[Black "Santl, Anton"]
[Result "0-1"]
[WhiteElo "1821"]
[BlackElo "2010"]
[Annotator "chessorg"]
[PlyCount "42"]
[EventDate "2015.??.??"]
[WhiteTeam "Stolberger Schachverein 1927"]
[BlackTeam "Schach-Union Muenchen e.V."]

1. d4 d5 2. c4 c6 3. Nf3 Nf6 4. Qc2 Bg4 5. Nbd2 e6 6. g3 Be7 7. Bg2 O-O 8. O-O
Nbd7 9. b3 Bf5 10. Qd1 Ne4 11. Bb2 Rc8 12. Ne5 Nxe5 13. dxe5 Nxd2 14. Qxd2 dxc4
15. Rfd1 Qxd2 16. Rxd2 Bb4 17. e4 c3 18. exf5 cxb2 19. Rxb2 Bc3 20. Rab1 Bxb2
21. Rxb2 exf5 0-1

[Event "ChessOrg Schachfestival  2015"]
[Site "Bad Wörishofen"]
[Date "2015.03.05"]
[Round "8.80"]
[White "Guttenthaler, Franz"]
[Black "Bernardi, Ruben"]
[Result "1-0"]
[WhiteElo "2243"]
[BlackElo "2118"]
[Annotator "chessorg"]
[PlyCount "81"]
[EventDate "2015.??.??"]
[WhiteTeam "Schachklub Germering e. V."]
[BlackTeam "Groeden"]

1. d4 e6 2. c4 Nf6 3. Nc3 Bb4 4. e3 O-O 5. Nge2 d5 6. a3 Bd6 7. c5 Be7 8. Nf4
b6 9. b4 a5 10. Bd2 c6 11. Be2 Nbd7 12. Nd3 Ba6 13. O-O Qc7 14. f4 Qc8 15. Rb1
axb4 16. axb4 Bc4 17. Ne5 Nxe5 18. fxe5 Bxe2 19. Qxe2 Ne8 20. e4 b5 21. Qg4 f5
22. exf5 exf5 23. Qh3 g6 24. Bh6 Rf7 25. Rf3 Nc7 26. Rbf1 Ne6 27. Ne2 Bg5 28.
Rg3 Qd8 29. Kh1 Ra2 30. Bxg5 Nxg5 31. Qh4 Rxe2 32. Rxg5 Qf8 33. Qg3 Qh6 34. h4
Ra2 35. e6 Rf8 36. e7 Re8 37. Rgxf5 Raa8 38. Rf7 g5 39. Qxg5+ Qxg5 40. hxg5
Rac8 41. Kh2 1-0

[Event "ChessOrg Schachfestival  2015"]
[Site "Bad Wörishofen"]
[Date "2015.03.05"]
[Round "8.89"]
[White "Traversi, Carlo"]
[Black "Bruening, Wolfgang"]
[Result "0-1"]
[WhiteElo "1585"]
[BlackElo "1891"]
[Annotator "chessorg"]
[PlyCount "82"]
[EventDate "2015.??.??"]
[BlackTeam "Queer-Springer SSV Berlin"]

1. Nf3 c5 2. b3 d5 3. e3 Nf6 4. Bb2 a6 5. c4 Bg4 6. cxd5 Nxd5 7. Nc3 Nb4 8. h3
Bh5 9. a3 Nd3+ 10. Bxd3 Qxd3 11. Ne5 Qf5 12. Nf3 Bxf3 13. gxf3 Nc6 14. f4 Rd8
15. Rc1 e5 16. Ne2 Bd6 17. fxe5 Bxe5 18. Rxc5 Qf3 19. Rxe5+ Nxe5 20. O-O Nd3
21. Bd4 Rd6 22. Ng3 Qxd1 23. Rxd1 Ke7 24. Bxg7 Rg8 25. Bc3 Rdg6 26. Kf1 Nxf2
27. Kxf2 Rxg3 28. Rh1 Rg2+ 29. Kf3 Ke6 30. Ke4 Rg1 31. Rh2 R8g2 32. Rxg2 Rxg2
33. Kf3 Rg1 34. a4 h5 35. Ke4 Rg3 36. d4 f5+ 37. Kf4 Rxh3 38. d5+ Kxd5 39. Bd4
Rh4+ 40. Kxf5 Rxd4 41. exd4 Kxd4 0-1




ï»¿

[Event "ChessOrg Schachfestival  2015"]
[Site "Bad Wörishofen"]
[Date "2015.03.06"]
[Round "9.1"]
[White "Halkias, Stelios"]
[Black "Pap, Misa"]
[Result "1-0"]
[WhiteElo "2527"]
[BlackElo "2459"]
[Annotator "chessorg"]
[PlyCount "53"]
[EventDate "2015.??.??"]
[BlackTeam "SF Korbach"]

1. Nf3 c5 2. c4 Nc6 3. Nc3 g6 4. e3 Nf6 5. d4 cxd4 6. exd4 d5 7. Bg5 Bg7 8.
Bxf6 Bxf6 9. cxd5 Nb8 10. Bb5+ Nd7 11. O-O O-O 12. Bxd7 Bxd7 13. Ne5 Bf5 14.
Re1 h5 15. Qd2 Qb6 16. Rad1 Rac8 17. h3 h4 18. Re2 Rfd8 19. Qh6 Qa5 20. Rde1
Rxd5 21. Nxf7 Bg7 22. Qxh4 Rxd4 23. Nh6+ Kh7 24. Ng4+ Kg8 25. Rxe7 Rd7 26. Nf6+
Bxf6 27. Qh7+ 1-0

[Event "ChessOrg Schachfestival  2015"]
[Site "Bad Wörishofen"]
[Date "2015.03.06"]
[Round "9.3"]
[White "Friedrich, Norbert"]
[Black "Karpatchev, Alexandr"]
[Result "0-1"]
[WhiteElo "2336"]
[BlackElo "2472"]
[Annotator "chessorg"]
[PlyCount "54"]
[EventDate "2015.??.??"]
[WhiteTeam "SGEM Waldshut-Tiengen"]
[BlackTeam "SF Bad Mergentheim"]

1. e4 e5 2. Nf3 Nc6 3. Nc3 Nf6 4. d4 Bb4 5. Nxe5 O-O 6. Qd3 Qe7 7. Bd2 Nxd4 8.
Qxd4 Bc5 9. Qd3 Qxe5 10. f4 Qe6 11. Be2 d6 12. O-O-O c6 13. Bf3 b5 14. Kb1 a5
15. Nxb5 cxb5 16. e5 Rb8 17. exf6 Qxf6 18. Rhe1 b4 19. g4 Qh4 20. h3 Bd7 21.
Bd5 Bb5 22. Qf3 Rbe8 23. f5 Qf2 24. Rxe8 Rxe8 25. Bxf7+ Kxf7 26. Qb7+ Re7 27.
Qxb5 Qxd2 0-1

[Event "ChessOrg Schachfestival  2015"]
[Site "Bad Wörishofen"]
[Date "2015.03.06"]
[Round "9.4"]
[White "Romanishin, Oleg"]
[Black "Roeder, Matthias"]
[Result "1/2-1/2"]
[WhiteElo "2472"]
[BlackElo "2414"]
[Annotator "chessorg"]
[PlyCount "49"]
[EventDate "2015.??.??"]
[BlackTeam "DJK Aufwaerts St. Josef Aachen 1920"]

1. Nf3 c5 2. e4 d6 3. Bb5+ Nd7 4. O-O Ngf6 5. Re1 a6 6. Bxd7+ Bxd7 7. c3 Bc6 8.
d4 Bxe4 9. Bg5 Bd5 10. Nbd2 e6 11. c4 Bxf3 12. Qxf3 cxd4 13. Bxf6 gxf6 14. Qxb7
Bg7 15. Qc6+ Ke7 16. Nf3 f5 17. Rad1 Qc8 18. Qd5 Kd7 19. Qa5 Qc5 20. Qa4+ Qc6
21. Qxc6+ Kxc6 22. Nxd4+ Bxd4 23. Rxd4 Rab8 24. b3 Kc5 25. Red1 1/2-1/2

[Event "ChessOrg Schachfestival  2015"]
[Site "Bad Wörishofen"]
[Date "2015.03.06"]
[Round "9.5"]
[White "Lampert, Jonas"]
[Black "Cebalo, Miso"]
[Result "1/2-1/2"]
[WhiteElo "2454"]
[BlackElo "2379"]
[Annotator "chessorg"]
[PlyCount "82"]
[EventDate "2015.??.??"]
[WhiteTeam "Hamburger SK von 1830 eV"]

1. e4 c5 2. Nf3 d6 3. d4 cxd4 4. Nxd4 Nf6 5. Nc3 a6 6. Bg5 Nbd7 7. Bc4 Qc7 8.
Qe2 h6 9. Bh4 g6 10. O-O-O Bg7 11. f4 O-O 12. Nf3 Nb6 13. Bb3 Bg4 14. h3 Bxf3
15. Qxf3 Nbd7 16. g4 Rac8 17. g5 hxg5 18. Bxg5 Nc5 19. Rh2 Nxb3+ 20. axb3 Qa5
21. Kb1 Rxc3 22. bxc3 Rc8 23. Rd3 Nh7 24. Bxe7 Rxc3 25. e5 Rxd3 26. Qxd3 Qe1+
27. Ka2 dxe5 28. Qd8+ Nf8 29. Bxf8 Bxf8 30. fxe5 Qxe5 31. Rd2 Qc3 32. Re2 Kg7
33. Qd5 Kh7 34. Qe5 Qc6 35. Qe8 Qf3 36. Re3 Qd1 37. Qxf8 Qxc2+ 38. Ka3 Qc1+ 39.
Ka2 Qxe3 40. Qxf7+ Kh6 41. Qxb7 Qd3 1/2-1/2

[Event "ChessOrg Schachfestival  2015"]
[Site "Bad Wörishofen"]
[Date "2015.03.06"]
[Round "9.6"]
[White "Skembris, Spyridon"]
[Black "Rudolf, Anna"]
[Result "1-0"]
[WhiteElo "2429"]
[BlackElo "2319"]
[Annotator "chessorg"]
[PlyCount "61"]
[EventDate "2015.??.??"]
[WhiteTeam "SK Freiburg Zaehringen 1887 e.V."]
[BlackTeam "Rodewischer Schachmiezen"]

1. d4 d5 2. c4 e6 3. Nf3 Nf6 4. Nc3 Be7 5. Bg5 h6 6. Bh4 O-O 7. e3 b6 8. Rc1
Bb7 9. Bxf6 Bxf6 10. cxd5 exd5 11. b4 c6 12. Be2 Nd7 13. O-O Re8 14. Qb3 Nf8
15. Rfd1 Ne6 16. b5 c5 17. dxc5 Nxc5 18. Qb1 Ne6 19. Nxd5 Bxd5 20. Bc4 Bxf3 21.
Rxd8 Raxd8 22. gxf3 Rd2 23. Qe4 Rc8 24. Rc2 Nc5 25. Qf5 Rd1+ 26. Kg2 Re8 27. f4
Re7 28. h4 Red7 29. h5 Nd3 30. Bxf7+ Rxf7 31. Rc8+ 1-0

[Event "ChessOrg Schachfestival  2015"]
[Site "Bad Wörishofen"]
[Date "2015.03.06"]
[Round "9.7"]
[White "Gutman, Lev"]
[Black "Boehmer, Christian"]
[Result "1-0"]
[WhiteElo "2426"]
[BlackElo "2204"]
[Annotator "chessorg"]
[PlyCount "73"]
[EventDate "2015.??.??"]
[WhiteTeam "SV Lingen"]
[BlackTeam "Freibauer Moerlenbach-Birkenau"]

1. Nf3 Nf6 2. g3 g6 3. Bg2 Bg7 4. O-O O-O 5. d4 d6 6. c4 Nc6 7. h3 a6 8. Be3
Bd7 9. Qc1 b5 10. Bh6 Rb8 11. Bxg7 Kxg7 12. d5 Na7 13. cxb5 Nxd5 14. e4 Nb6 15.
bxa6 Qc8 16. e5 Qxa6 17. Nc3 Nb5 18. Nxb5 Qxb5 19. b3 c5 20. exd6 exd6 21. Rd1
Nc8 22. Ng5 Rb6 23. Ne4 Be6 24. Qf4 c4 25. bxc4 Qxc4 26. a4 Bf5 27. a5 Rb4 28.
Nxd6 Qxf4 29. gxf4 Nxd6 30. Rxd6 Be4 31. a6 Bxg2 32. Kxg2 Ra8 33. Rd7 Rxf4 34.
Rb7 Rd4 35. a7 Rdd8 36. Ra6 Rf8 37. Rab6 1-0

[Event "ChessOrg Schachfestival  2015"]
[Site "Bad Wörishofen"]
[Date "2015.03.06"]
[Round "9.10"]
[White "Grawe, Christian"]
[Black "Wichmann, Cliff"]
[Result "0-1"]
[WhiteElo "2192"]
[BlackElo "2363"]
[Annotator "chessorg"]
[PlyCount "46"]
[EventDate "2015.??.??"]
[WhiteTeam "Schachklub Germering e. V."]
[BlackTeam "ESV Nickelhuette Aue"]

1. e4 e6 2. d4 d5 3. Nc3 Nf6 4. e5 Nfd7 5. f4 c5 6. Nf3 Nc6 7. Be3 Be7 8. Qd2
O-O 9. dxc5 Nxc5 10. O-O-O Qc7 11. Kb1 Rd8 12. Nd4 a6 13. Qf2 Nxd4 14. Bxd4 b5
15. Bd3 b4 16. Ne2 a5 17. g4 Ba6 18. f5 Rdc8 19. Nf4 a4 20. f6 Bf8 21. fxg7
Bxg7 22. Nh5 b3 23. Bxa6 Ne4 0-1

[Event "ChessOrg Schachfestival  2015"]
[Site "Bad Wörishofen"]
[Date "2015.03.06"]
[Round "9.12"]
[White "Hess, Max"]
[Black "Melamed, Tatjana"]
[Result "1-0"]
[WhiteElo "2114"]
[BlackElo "2279"]
[Annotator "chessorg"]
[PlyCount "35"]
[EventDate "2015.??.??"]
[WhiteTeam "Post-SV Memmingen"]
[BlackTeam "SG Aufbau Elbe Magdeburg"]

1. e4 Nf6 2. e5 Nd5 3. d4 d6 4. Nf3 Bg4 5. Be2 e6 6. O-O Nc6 7. c4 Nb6 8. exd6
cxd6 9. d5 exd5 10. cxd5 Bxf3 11. gxf3 Ne5 12. Bb5+ Nbd7 13. f4 Ng6 14. f5 Nge5
15. Qe2 a6 16. Bxd7+ Kxd7 17. f4 Rc8 18. fxe5 1-0

[Event "ChessOrg Schachfestival  2015"]
[Site "Bad Wörishofen"]
[Date "2015.03.06"]
[Round "9.15"]
[White "Babar, Michael"]
[Black "Lupor, Andre"]
[Result "1-0"]
[WhiteElo "2149"]
[BlackElo "2283"]
[Annotator "chessorg"]
[PlyCount "79"]
[EventDate "2015.??.??"]
[WhiteTeam "Schachclub Hansa Dortmund e.V."]
[BlackTeam "Schachgemeinschaft Ennepe-Ruhr-Sued"]

1. d4 Nf6 2. g3 g6 3. Bg2 d5 4. Nf3 Bg7 5. c4 dxc4 6. Qa4+ Nfd7 7. Qxc4 O-O 8.
O-O Nb6 9. Qd3 Nc6 10. Rd1 Bf5 11. e4 Bg4 12. Be3 e5 13. d5 Ne7 14. h3 Bd7 15.
Nc3 Nbc8 16. Nb5 Nd6 17. Nxd6 cxd6 18. Qa3 Bb5 19. Rac1 Qd7 20. Kh2 h6 21. Nd2
f5 22. Nc4 Rf6 23. f4 Bxc4 24. Rxc4 exf4 25. Bxf4 g5 26. e5 dxe5 27. Bxe5 Rf7
28. Bxg7 Kxg7 29. Qc3+ Kg6 30. d6 Nc6 31. Rxc6 bxc6 32. Bxc6 Qe6 33. Qd3 Rb8
34. Bd5 Rxb2+ 35. Kh1 Qd7 36. Bxf7+ Qxf7 37. d7 Qxa2 38. Qd6+ Kh5 39. g4+ Kh4
40. d8=Q 1-0

[Event "ChessOrg Schachfestival  2015"]
[Site "Bad Wörishofen"]
[Date "2015.03.06"]
[Round "9.16"]
[White "Felgendreher, Heiko"]
[Black "Jussupow, Nadja"]
[Result "0-1"]
[WhiteElo "2230"]
[BlackElo "2122"]
[Annotator "chessorg"]
[PlyCount "34"]
[EventDate "2015.??.??"]
[WhiteTeam "Freibauer Moerlenbach-Birkenau"]
[BlackTeam "SK Krumbach"]

1. e4 e6 2. d4 d5 3. Nc3 Nc6 4. Nf3 Nf6 5. Bg5 Be7 6. e5 Ne4 7. Be3 Nxc3 8.
bxc3 O-O 9. Bd3 f6 10. Rb1 fxe5 11. dxe5 Qe8 12. h4 Qh5 13. Ng5 Qxd1+ 14. Kxd1
Nxe5 15. Bxh7+ Kh8 16. f3 c5 17. h5 Bxg5 0-1